000 00459nam a2200193 i 4500
001 bg
100 1 _aKenig, Eugeniusz.
245 1 0 _aElektrotechnika ogólna.
_nCz. 2 /
_cEugeniusz Kenig.
250 _aWyd.5.
260 _aWarszawa,
_c1969.
650 9 _aElektrotechnika
655 _aPodręczniki akademickie
040 _cBPK
041 _apol
080 _a621.3
080 _a(075.8)
942 _cKS
008 950505s1969 pl f |000 0 pol
999 _c10471
_d10471
856 _uhttp://koha.tu.koszalin.pl/cgi-bin/koha/opac-detail.pl?biblionumber=10471
_yKatalog online BPK